Clickety Clack Countries Quiz Stats

 Plays Quiz not verified by Sporcle

Score 0/10 Timer 05:00
0 Plays Today
Rank Country % Correct
3.China
98.9%
2.Russia
98.4%
1.United States
97.8%
6.Germany
93.5%
9.France
92.9%
10.Brazil
92.4%
4.India
90.2%
5.Canada
90.2%
7.Australia
80.4%
8.Argentina
77.7%

You're not logged in!

Compare scores with friends on all Sporcle quizzes.
OR
Log In

Show Comments

Extras

Top Quizzes Today


Score Distribution

Your Account Isn't Verified!

In order to create a playlist on Sporcle, you need to verify the email address you used during registration. Go to your Sporcle Settings to finish the process.

Report this User

Report this user for behavior that violates our Community Guidelines.

Details: